Consultation on the release of a non-native biocontrol agent for the control of Japanese Knotweed (Record no. 110165)
[ view plain ]
| 000 -LEADER | |
|---|---|
| fixed length control field | 01819cad a22002895a 4500 |
| 001 - CONTROL NUMBER | |
| control field | L148696 |
| 008 - FIXED-LENGTH DATA ELEMENTS--GENERAL INFORMATION | |
| fixed length control field | 091020s2009 xxk f f000 0 eng d |
| 035 ## - SYSTEM CONTROL NUMBER | |
| System control number | (Sirsi) u148696 |
| 041 0# - LANGUAGE CODE | |
| Language code of text/sound track or separate title | eng |
| 050 04 - LIBRARY OF CONGRESS CALL NUMBER | |
| Classification number | 581.65 $2 18 |
| 110 2# - MAIN ENTRY--CORPORATE NAME | |
| Corporate name or jurisdiction name as entry element | United Kingdom |
| Subordinate unit | Department for Environment, Food and Rural Affairs |
| 245 00 - TITLE STATEMENT | |
| Title | Consultation on the release of a non-native biocontrol agent for the control of Japanese Knotweed |
| Medium | [electronic resource] |
| 260 ## - PUBLICATION, DISTRIBUTION, ETC. | |
| Place of publication, distribution, etc. | London |
| Name of publisher, distributor, etc. | DEFRA |
| Date of publication, distribution, etc. | 2009 |
| 505 2# - FORMATTED CONTENTS NOTE | |
| Formatted contents note | This consultation: scope of the consultation; basic information -- Executive summary -- Background: Japanese knotweed; biological control; proposal to use biological control against Japanese knotweed; regulation of invasive alien species; regulation of plant pests; pest risk assessment -- Proposal for release -- Responding to this consultation |
| 520 ## - SUMMARY, ETC. | |
| Summary, etc. | Consultation seeks views on the proposed release of an insect, a psyllid species Aphalara itadori, to control Japanese knotweed, and on the Pest Risk Assessment. Two regulatory processes are involved in this. Firstly, the release of non-native bio-control agents is controlled under the Wildlife and Countryside Act 1981. Secondly, import and release of non-native plant pests are controlled under the Plant Health Order 2005. |
| 520 ## - SUMMARY, ETC. | |
| Summary, etc. | Deadline for comments is Monday 19 October 2009. |
| 521 ## - TARGET AUDIENCE NOTE | |
| Target audience note | Advanced |
| 590 ## - LOCAL NOTE (RLIN) | |
| Local note | KA |
| 650 24 - SUBJECT ADDED ENTRY--TOPICAL TERM | |
| Topical term or geographic name entry element | JAPANESE KNOTWEED |
| 650 24 - SUBJECT ADDED ENTRY--TOPICAL TERM | |
| Topical term or geographic name entry element | WILDLIFE AND COUNTRYSIDE ACT 1981 |
| 650 24 - SUBJECT ADDED ENTRY--TOPICAL TERM | |
| Topical term or geographic name entry element | PLANT HEALTH (ENGLAND) ORDER 2005 |
| 651 #4 - SUBJECT ADDED ENTRY--GEOGRAPHIC NAME | |
| Geographic name | England and Wales |
| Chronological subdivision | 1543- |
| 690 ## - LOCAL SUBJECT ADDED ENTRY--TOPICAL TERM (OCLC, RLIN) | |
| Topical term or geographic name as entry element | ENVIRONMENTAL AND LAND CONSULTANCY-ENVIRONMENTAL MANAGEMENT |
| 710 1# - ADDED ENTRY--CORPORATE NAME | |
| Corporate name or jurisdiction name as entry element | Wales |
| Subordinate unit | Welsh Assembly Government |
| 856 40 - ELECTRONIC LOCATION AND ACCESS | |
| Uniform Resource Identifier | <a href="https://www.defra.gov.uk/corporate/consult/japanese-knotweed/index.htm">https://www.defra.gov.uk/corporate/consult/japanese-knotweed/index.htm</a> |
| Public note | Broken and unarchived link |
| 942 ## - ADDED ENTRY ELEMENTS (KOHA) | |
| Suppress in OPAC | 0 |
| Source of classification or shelving scheme | Dewey Decimal Classification |
| Withdrawn status | Lost status | Damaged status | Not for loan | Home library | Current library | Shelving location | Date acquired | Total Checkouts | Full call number | Barcode | Date last seen | Copy number | Price effective from | Koha item type | Public note |
|---|---|---|---|---|---|---|---|---|---|---|---|---|---|---|---|
| Virtual | Virtual | Missing | 20/10/2009 | ONLINE PUBLICATION | 148696-2001 | 06/08/2019 | 1 | 06/08/2019 | Online material | Link no longer working |